000 01060nas a2200373 4500
001 BR0200135
003 BR-BrBNA
005 20231205102635.0
007 ta
008 230509b bl.|||p| |||| 00| 00por d
040 _aBR-BrBNA
_bpor
_cBiblioteca Nacional de Agricultura
041 _a(Pt)
072 _aQ54
100 1 _aTonani, F.L.
100 1 _aRuggieri, A.C.
100 1 _aGuim, A.
100 1 _aAndrade, P. de
100 1 _aQueiroz, A.C. de
100 1 _aSantos, H.Q.
100 1 _aMalheiros, E.B.
245 1 _aAvaliação nutricional do residuo de urucum (Bixa orellana, L.), após a extração do corante
650 _aURUCUM
650 _aCORANTE
650 _aRESÍDUO
650 _aEXTRAÇÃO
650 _aVALOR NUTRITIVO
650 _aRAÇÃO
650 _aNUTRIÇÃO ANIMAL
650 _aCOMPOSIÇÃO QUÍMICA
650 _aDIGESTIBILIDADE
773 0 _tARS Veterinária (Brazil)
_xISSN 0102-6380
_g(Aug 2000), v. 16(2) p. 118-121
_wBR0200135
909 _a202311
_bLúcia
_c55
_dLúcia Elande
942 _2AGRIS
_n0
_cANA
999 _c168592
_d168592